| 000 | 00313nam a22000977a 4500 | ||
|---|---|---|---|
| 008 | 230518b ||||| |||| 00| 0 eng d | ||
| 100 | _aCornelius, David | ||
| 245 | _aAn Introduction to the Postal History of Denmark 1624-1950 | ||
| 260 |
_aBristal, UK _bThe Stuart Rossiter Trust Fund |
||
| 650 | _aPostal History|Denmark | ||
| 999 |
_c3529 _d3529 |
||